Microwave devices and circuits (EBOOK) (Record no. 217051)
[ view plain ]
| 000 -LEADER | |
|---|---|
| fixed length control field | 01056 a2200217 4500 |
| 003 - CONTROL NUMBER IDENTIFIER | |
| control field | Nust |
| 005 - DATE AND TIME OF LATEST TRANSACTION | |
| control field | 20170207171532.0 |
| 010 ## - LIBRARY OF CONGRESS CONTROL NUMBER | |
| LC control number | 89008593 |
| 020 ## - INTERNATIONAL STANDARD BOOK NUMBER | |
| International Standard Book Number | 0135832047 : |
| 040 ## - CATALOGING SOURCE | |
| Transcribing agency | Nust |
| 082 00 - DEWEY DECIMAL CLASSIFICATION NUMBER | |
| Classification number | 621.3813 |
| 100 1# - MAIN ENTRY--PERSONAL NAME | |
| Personal name | Liao, Samuel Y. |
| 245 10 - TITLE STATEMENT | |
| Title | Microwave devices and circuits (EBOOK) |
| Statement of responsibility, etc. | Samuel Y. Liao. |
| 246 14 - VARYING FORM OF TITLE | |
| Title proper/short title | Microwave devices & circuits |
| 250 ## - EDITION STATEMENT | |
| Edition statement | 3rd ed. |
| 260 ## - PUBLICATION, DISTRIBUTION, ETC. | |
| Place of publication, distribution, etc. | Englewood Cliffs, N.J. : |
| Name of publisher, distributor, etc. | Prentice Hall, |
| Date of publication, distribution, etc. | c1990. |
| 300 ## - PHYSICAL DESCRIPTION | |
| Extent | xvi, 542 p. : |
| Other physical details | ill. ; |
| Dimensions | 25 cm. |
| 505 ## - FORMATTED CONTENTS NOTE | |
| Formatted contents note | Introduction (Page-1), Interaction Between Electronic (Page-9), Electronic Emissions and Beam Focusing (Page-33), Microwave Circuit Components (Page-65) Microwave Linear Beam Amplifiers (Page-110), Microwave Linear Beam (Page-179), Microwave Traveling Wave (Page-201), Microwave Crossed Field Electron Tubes (Page-258) Microwave Fast Wave Election tube (Page-307), Light Image Tube (Page-337), Infrared Image Tube (Page- 391), Microwave Noise Measurements and Evaluation (Page-437) |
| 650 #0 - SUBJECT ADDED ENTRY--TOPICAL TERM | |
| Topical term or geographic name entry element | Microwave circuits. |
| 650 #0 - SUBJECT ADDED ENTRY--TOPICAL TERM | |
| Topical term or geographic name entry element | Microwave devices. |
| 942 ## - ADDED ENTRY ELEMENTS (KOHA) | |
| Source of classification or shelving scheme | |
| Koha item type | Book |
| Withdrawn status | Lost status | Source of classification or shelving scheme | Damaged status | Not for loan | Collection code | Permanent Location | Current Location | Date acquired | Total Checkouts | Full call number | Barcode | Date last seen | Price effective from | Koha item type |
|---|---|---|---|---|---|---|---|---|---|---|---|---|---|---|
| Military College of Signals (MCS) | Military College of Signals (MCS) | 12/12/2016 | 621.3813 LIA | MCSEB-3379 | 12/08/2016 | 12/12/2016 | Book |
